Современная геодинамика и гелиогеодинамика (Запись № 1109466)

Подробности
000 -МАРКЕР
контрольное поле 02664nam1a2200385 i 4500
001 - ИДЕНТИФИКАТОР ЗАПИСИ
контрольное поле RU\NLR\bibl\799781
005 - ИДЕНТИФИКАТОР ВЕРСИИ
контрольное поле 20260407051343.0
035 ## - ДРУГИЕ СИСТЕМНЫЕ НОМЕРА
Идентификатор записи (NLR Aleph) 000788960
100 ## - ДАННЫЕ ОБЩЕЙ ОБРАБОТКИ
Данные общей обработки 20050516g20039999k y0rusy50 ca
101 0# - ЯЗЫК РЕСУРСА
Язык текста, звукозаписи и т.д. русский
102 ## - СТРАНА ПУБЛИКАЦИИ ИЛИ ПРОИЗВОДСТВА
Страна публикации Российская Федерация
105 ## - ПОЛЕ КОДИРОВАННЫХ ДАННЫХ: ТЕКСТОВЫЕ МАТЕРИАЛЫ, МОНОГРАФИЧЕСКИЕ
Кодированные данные о монографическом текстовом документе a |||||||||
200 1# - ЗАГЛАВИЕ И СВЕДЕНИЯ ОБ ОТВЕТСТВЕННОСТИ
Основное заглавие Современная геодинамика и гелиогеодинамика
Сведения, относящиеся к заглавию [учебное пособие для ВУЗ'ов]
Первые сведения об ответственности М-во образования Рос. Федерации, Иркут. гос. техн. ун-т [и др.
Последующие сведения об ответственности Леви К.Г., д.г.-м.н. и др.
-- отв. ред. д.г.-м.н. С.И. Шерман и др.]
210 ## - ПУБЛИКАЦИЯ, РАСПРОСТРАНЕНИЕ И ДР.
Место издания, распространения и т.д. Иркутск
Имя издателя, распространителя и т. д. Изд-во Иркутского государственного технического университета
Дата издания, распространения и т.д. 2003
215 ## - ФИЗИЧЕСКАЯ ХАРАКТЕРИСТИКА
Размеры 22х31
300 ## - ОБЩИЕ ПРИМЕЧАНИЯ
Текст примечания Загл. обл.: 500-летняя хронология аномальных явлений в Сибири и Монголии
300 ## - ОБЩИЕ ПРИМЕЧАНИЯ
Текст примечания В надзаг. также: Иркут. гос. ун-т, Администрация Иркут. обл., Деп. науки и высш. шк., Федер. Целевая Прогр. "Интеграция" [и др.]
463 #0 - УРОВЕНЬ ФИЗИЧЕСКОЙ ЕДИНИЦЫ
Встроенное поле 001733648
512 1# - ЗАГЛАВИЕ ОБЛОЖКИ
Заглавие обложки 500-летняя хронология аномальных явлений в Сибири и Монголии
606 1# - НАИМЕНОВАНИЕ ТЕМЫ КАК ПРЕДМЕТ
Наименование темы Гелиогеодинамика
Формальный подзаголовок Руководства, пособия и т.п.
Системный номер авторитетной/нормативной записи 2264699
Идентификатор авторитетной/нормативной записи RU\NLR\auth\661357672
606 1# - НАИМЕНОВАНИЕ ТЕМЫ КАК ПРЕДМЕТ
Наименование темы Гелиогеодинамика
Формальный подзаголовок Учебные издания для высших учебных заведений
Системный номер авторитетной/нормативной записи 2264699
Идентификатор авторитетной/нормативной записи RU\NLR\auth\661357672
606 1# - НАИМЕНОВАНИЕ ТЕМЫ КАК ПРЕДМЕТ
Наименование темы Геодинамические процессы современные
Формальный подзаголовок Руководства, пособия и т.п.
Системный номер авторитетной/нормативной записи 2604137
Идентификатор авторитетной/нормативной записи RU\NLR\auth\661540695
606 1# - НАИМЕНОВАНИЕ ТЕМЫ КАК ПРЕДМЕТ
Наименование темы Геодинамические процессы современные
Формальный подзаголовок Учебные издания для высших учебных заведений
Системный номер авторитетной/нормативной записи 2604137
Идентификатор авторитетной/нормативной записи RU\NLR\auth\661540695
686 ## - ИНДЕКСЫ ДРУГИХ КЛАССИФИКАЦИЙ
Индекс Д38я73
686 ## - ИНДЕКСЫ ДРУГИХ КЛАССИФИКАЦИЙ
Индекс Д205я73
702 #1 - ИМЯ ЛИЦА - ВТОРИЧНАЯ ОТВЕТСТВЕННОСТЬ
Код отношения Редактор
Материалы, к которым относится поле rus
Графика поля Кириллица
Начальный элемент ввода Шерман
Часть имени, кроме начального элемента ввода С. И.
Даты 1934-2017
Расширение инициалов личного имени Семен Иойнович
Идентификатор авторитетной/нормативной записи RU\NLR\AUTH\7720371
Системный номер авторитетной/нормативной записи 3439
702 #1 - ИМЯ ЛИЦА - ВТОРИЧНАЯ ОТВЕТСТВЕННОСТЬ
Начальный элемент ввода Леви
Часть имени, кроме начального элемента ввода К. Г.
Расширение инициалов личного имени Кирилл Георгиевич
Код отношения Составитель
712 02 - НАИМЕНОВАНИЕ ОРГАНИЗАЦИИ - ВТОРИЧНАЯ ОТВЕТСТВЕННОСТЬ
Код отношения Прочие
Начальный элемент ввода Иркутский государственный технический университет
Идентификатор авторитетной/нормативной записи RU\NLR\AUTH\8810020577
Системный номер авторитетной/нормативной записи 539137
801 #0 - ИСТОЧНИК ЗАПИСИ
Страна Российская Федерация
Организация NLR
Дата составления 20050516
Правила каталогизации rcr
801 #1 - ИСТОЧНИК ЗАПИСИ
Страна Российская Федерация
Организация NLR
Дата составления 20050516
830 ## - ОБЩЕЕ ПРИМЕЧАНИЕ, СОСТАВЛЕННОЕ КАТАЛОГИЗАТОРОМ
Текст примечания Сост. по кн.
852 ## - МЕСТОНАХОЖДЕНИЕ И ШИФР ХРАНЕНИЯ
Идентификатор организации NLR
Шифр хранения (Call Number) 2002-8/2984
942 ## - ДОПОЛНИТЕЛЬНЫЕ ЭЛЕМЕНТЫ ЗАПИСИ (АБИС)
Тип экземпляра АБИС Книга

Нет доступных экземпляров.